UM Logo

Thinking through writing/ (Record no. 8413)

MARC details
000 -LEADER
fixed length control field 00448nam a2200145 4500
008 - FIXED-LENGTH DATA ELEMENTS--GENERAL INFORMATION
fixed length control field 180205b xxu||||| |||| 00| 0 eng d
020 ## - INTERNATIONAL STANDARD BOOK NUMBER
International Standard Book Number 0-8018-2717
082 ## - DEWEY DECIMAL CLASSIFICATION NUMBER
Edition number 1982
Classification number DC 808.042
Item number H78
100 ## - MAIN ENTRY--PERSONAL NAME
9 (RLIN) 26060
Personal name Horton, Susan R.
245 ## - TITLE STATEMENT
Title Thinking through writing/
Statement of responsibility, etc. Susan R. Horton
300 ## - PHYSICAL DESCRIPTION
Extent xi, 217 pages:
Other physical details illustration;
Dimensions 22 cm.
521 ## - TARGET AUDIENCE NOTE
Target audience note Includes bibliography and index.
650 #0 - SUBJECT ADDED ENTRY--TOPICAL TERM
9 (RLIN) 26061
Topical term or geographic name as entry element English language
Form subdivision Rhetoric
942 ## - ADDED ENTRY ELEMENTS (KOHA)
Source of classification or shelving scheme Dewey Decimal Classification
Koha item type Circulation
Holdings
Withdrawn status Lost status Source of classification or shelving scheme Damaged status Not for loan Collection code Home library Current library Shelving location Date acquired Source of acquisition Total Checkouts Full call number Barcode Date last seen Date last checked out Copy number Price effective from Koha item type
    Dewey Decimal Classification     Circulation UM Digos College - LIC UM Digos College - LIC Book Cart 08/19/2003 Purchased 2 DC 808.042 H78 1982 15539 05/15/2025 10/21/2024 2 02/05/2018 Circulation
    Dewey Decimal Classification     Circulation UM Digos College - LIC UM Digos College - LIC Book Cart 08/19/2003 Purchased 1 DC 808.042 H78 1982 15540 05/15/2025 11/19/2022 3 02/05/2018 Circulation